=LDR 00000nam 2200000 4500 =001 INLIS000000000001034 =005 20130612085440 =008 ***********************************Ind** =035 ##$$0010-061300000001034 =041 ##$$a Ind =082 ##$$a 028.5 =090 ##$$a 028.5, Asw-s =100 ##$$a ASWARA, Subagio =245 ##$$a Saad bin Abi Waqqash, Sahabat Rasulullah, Subagyo Aswara =260 ##$$a 1994 $b Bandung =300 ##$$a 32 hlm, ilus, 28 cm =650 ##$$a Bacaan Kanak-kanak =850 ##$$a NBPNMAT